000 01007cam a22002771 4500
001 sd 63000004
003 DLC
005 20260227112736.0
008 920514s1963 dcuac f000 0 eng
010 _asd 63000004
035 _a(OCoLC)26126748
040 _aDLC
_cNNC-L
_dDLC
042 _apremarc
043 _an-us---
050 0 0 _aJX1706
_b.A4 1963
082 0 _a353.1
110 1 _aUnited States.
_bDepartment of State.
_bOffice of Media Services.
245 1 0 _aDepartment of State 1963;
_ba report to the citizen.
260 _a[Washington,
_bU.S. Dept. of State;
_bfor sale by the Superintendent of Documents, U.S. Govt. Print. Off.,
_c1963]
300 _a150 p.
_billus., ports.
_c30 cm.
440 0 _aDepartment of State publication ;
_v7530
490 1 _aGeneral foreign policy series ;
_v187
610 1 0 _aUnited States.
_bDepartment of State.
651 0 _aUnited States
_xForeign relations
_y1961-1963
830 0 _aDepartment of State publication.
_pGeneral foreign policy series ;
_v187.
999 _c90089
_d90089